000 00290nam a22001337a 4500
082 _a211.6 BLA
100 _aBLACKHAM, H. J
245 _aHumanism
260 _aMiddlesex
_bPnguin Books
_c1968
300 _aix, 234p
_b18cm.
500 _aIncludes index
650 _aHumanism
942 _cBK
999 _c12520
_d12520